قانون العمل الاردني رقم 8 لسنة 1996 والقانون المعدل رقم 12 لسنة 1997 وقانون الضمان الاجتماعي رقم 30 لسنة 19787 والقانون المعدل لقانون الضمان الاحتماعي رقم 37 لسنة 1979 وقانون مؤسسة التدريب المهني رقم 11 لسنة 1985 (Record no. 24165)
[ view plain ]
| 000 -LEADER | |
|---|---|
| fixed length control field | 01045nam a2200193Ii 4500 |
| 003 - CONTROL NUMBER IDENTIFIER | |
| control field | JO-AjNU |
| 008 - FIXED-LENGTH DATA ELEMENTS--GENERAL INFORMATION | |
| fixed length control field | 230605s9999||||xx |||||||||||||| ||und|| |
| 040 ## - CATALOGING SOURCE | |
| Original cataloging agency | JO-AjNU |
| Language of cataloging | ara |
| Description conventions | rda |
| Transcribing agency | JO-AjNU |
| 041 ## - LANGUAGE CODE | |
| Language code of text/sound track or separate title | ara |
| 050 14 - LIBRARY OF CONGRESS CALL NUMBER | |
| Classification number | KMM126.A29.J67 1997 |
| 100 3# - MAIN ENTRY--PERSONAL NAME | |
| Personal name | إعداد أبو رحمة، إبراهيم، إعداد محمد استانبولي، دورين بطرس, |
| Relator term | author |
| 9 (RLIN) | 47218 |
| 245 00 - TITLE STATEMENT | |
| Title | قانون العمل الاردني رقم 8 لسنة 1996 والقانون المعدل رقم 12 لسنة 1997 وقانون الضمان الاجتماعي رقم 30 لسنة 19787 والقانون المعدل لقانون الضمان الاحتماعي رقم 37 لسنة 1979 وقانون مؤسسة التدريب المهني رقم 11 لسنة 1985 |
| 264 31 - PRODUCTION, PUBLICATION, DISTRIBUTION, MANUFACTURE, AND COPYRIGHT NOTICE | |
| Place of production, publication, distribution, manufacture | عمان: نقابة المحامين، 1997 |
| 300 ## - PHYSICAL DESCRIPTION | |
| Extent | 213ص |
| 336 ## - CONTENT TYPE | |
| Content type term | text |
| Content type code | txt |
| Source | rdacontent |
| 337 ## - MEDIA TYPE | |
| Media type term | unmediated |
| Media type code | n |
| Source | rdamedia |
| 338 ## - CARRIER TYPE | |
| Carrier type term | volume |
| Carrier type code | nc |
| Source | rdacarrier |
| 650 #4 - SUBJECT ADDED ENTRY--TOPICAL TERM | |
| Topical term or geographic name entry element | العمل والعمال - قوانين وتشريعات - الاردن |
| 9 (RLIN) | 47219 |
| Withdrawn status | Lost status | Source of classification or shelving scheme | Damaged status | Not for loan | Home library | Current library | Shelving location | Date acquired | Total Checkouts | Full call number | Barcode | Date last seen | Price effective from | Koha item type |
|---|---|---|---|---|---|---|---|---|---|---|---|---|---|---|
| Library of Congress Classification | مكتبة جامعة عجلون الوطنية | مكتبة جامعة عجلون الوطنية | المجموعات العامة | 06/06/2023 | KMM126.A29.J67 1997 | A20597 | 06/06/2023 | 06/06/2023 | Books |